00397nam a2200133Ia 4500008004100000020001500041100001800056245001800074250000700092260002900099300001000128952011000138999001500248211105s9999 xx 000 0 und d aVYASA13085 aAvalon Arthur 0aTantrik Texts a\N bMotilal banarsidass c\N a474p. 00102ddc40708DYPSaSVYASAbSVYASAcR3.10Ed2003-06-13l0p08952r2021-11-09 00:00:00w2021-11-09yBKS c6913d6913